| 000 | 00502nam a2200145 a 4500 | ||
|---|---|---|---|
| 001 | 000040946 | ||
| 005 | 20201002034510.0 | ||
| 008 | 130911s1995 pr 000 0 spa d | ||
| 040 |
_aDO-SdBNP _bspa _cBNPHU |
||
| 100 | 1 |
_aSánchez Tariniella, Andrés _967378 |
|
| 245 | 1 | 0 |
_aLiberalismo y Conservadurismo en el Puerto Rico de hoy / _cAndrés Sáchez Tariniela. |
| 260 |
_aSan Juan, Puerto Rico : _bEdiciones Bayoán, _c1995. |
||
| 300 |
_a141 p. ; _c20 cm. |
||
| 500 | _aIncluye notas al pie de las páginas | ||
| 999 |
_c40436 _d40436 |
||